00829nam a22001817a 4500003000200000005001700002008004100019050002200060100002600082245015200108260007200260300006600332500004200398504005800440650004000498650002800538650008100566020250204142537.0250204b xxu||||| |||| 00| 0 eng d aP 91.3b.C38 2023 aCatiis, Mario Jose A. aInto the world of AB Communicationsban informative 2D animated video showcasing the AB Communication coursecMario Jose A. Catiis and three others aLas Pinas CitybSouthville International School and Collegescc2023 aix, 118 pages :bcolored illustrations and pictures ;c28cm.  aBachelor of Arts in Multimedia Arts.  aIncludes bibliographical references and appendices.  aCommunication—Study and teaching. aMass media—Education. aAB Communication—Curriculum--Southville International School and Colleges.